000 00866nam a2200229Ii 4500
003 JO-AjNU
008 230605s9999||||xx |||||||||||||| ||und||
017 _a2008/04/1155
020 _a9957-07-57-8
040 _aJO-AjNU
_bara
_erda
_cJO-AjNU
041 _aara
050 1 4 _aLC191.F54 2009
100 3 _aالعجمي، محمد حسنين مؤلف/الشخيبي،علي السيد م.مشارك/عبد الرحمن،أماني أحمد م.مشارك/الشر،سعدية يوسف م.مشارك,
_eauthor
_942573
245 0 0 _aفي إجتماعيات التربية المعاصرة
250 _aط1
264 3 1 _aعمان:دار الفكر،2009
300 _a398ص
336 _atext
_btxt
_2rdacontent
337 _aunmediated
_bn
_2rdamedia
338 _avolume
_bnc
_2rdacarrier
650 4 _aالتربية-التعلم-العصر الحديث
_942574
999 _aA18239
_c21807
_d21807